| 000 | 00539nam a2200181Ia 4500 | ||
|---|---|---|---|
| 005 | 20250326142218.0 | ||
| 008 | 250326s9999 xx 000 0 und d | ||
| 037 | _aTextbook | ||
| 040 |
_aFMSL _beng _cFMSL |
||
| 041 |
_aeng _2eng |
||
| 084 |
_aX65 N2 _qFMSL |
||
| 100 |
_aFrancis J C _9735808 |
||
| 245 | 0 |
_aTheory and problems of investment ( Schaum's outline series ) _cFrancis J C; Taylor R W |
|
| 260 |
_aNew York _bNew York, McGraw Hill _c1992 |
||
| 300 | _a288p | ||
| 942 |
_cTB _hX65 N2 |
||
| 999 |
_c1293958 _d1293958 |
||